Windows 95 communication and online SECRETS (Record no. 6195)

000 -LEADER
fixed length control field 00618 a2200193 4500
020 ## - INTERNATIONAL STANDARD BOOK NUMBER
International Standard Book Number 1568848374
035 ## - SYSTEM CONTROL NUMBER
System control number (OCoLC)34458745
035 ## - SYSTEM CONTROL NUMBER
System control number 3645-84260
040 ## - CATALOGING SOURCE
Original cataloging agency DLC
Language of cataloging DLC
100 1# - MAIN ENTRY--PERSONAL NAME
Personal name Boles, David W.
245 10 - TITLE STATEMENT
Title Windows 95 communication and online SECRETS
Statement of responsibility, etc. David W. Boles.
260 ## - PUBLICATION, DISTRIBUTION, ETC.
Place of publication, distribution, etc. Foster City, CA :
Name of publisher, distributor, etc. IDG Books Worldwide,
Date of publication, distribution, etc. c1996.
300 ## - PHYSICAL DESCRIPTION
Extent xxvi, 646 p. :
Other physical details ill. ;
Dimensions 23 cm. +
Accompanying material 1 computer laser optical disc (4 3/4 in.)
500 ## - GENERAL NOTE
General note At head of title: InfoWorld.
500 ## - GENERAL NOTE
General note Includes index.
650 #0 - SUBJECT ADDED ENTRY--TOPICAL TERM
Topical term or geographic name entry element Operating systems (Computers)
650 #0 - SUBJECT ADDED ENTRY--TOPICAL TERM
Topical term or geographic name entry element Internet.
942 ## - ADDED ENTRY ELEMENTS (KOHA)
Koha item type Book
Call number prefix 005.43076 BOL
Source of classification or shelving scheme
Holdings
Withdrawn status Lost status Damaged status Not for loan Collection code Permanent Location Current Location Shelving location Date acquired Source of acquisition Total Checkouts Full call number Barcode Date last seen Price effective from Koha item type
          Central Library (CL) Central Library (CL) First Floor - Operating System/ Data Structure 10/20/2005 Donation   005.43076 BOL SEECS006587 11/14/2012 01/05/2017 Book
© 2023 Central Library, National University of Sciences and Technology. All Rights Reserved.